Match Song To Album (Taylor Swift) - Statistics

General Stats
  • This quiz has been taken 56 times
  • The average score is 8 of 10
Answer Stats
Hint Answer % Correct
Afterglow Lover
93%
Wonderland 1989 (TV)
90%
Karma Midnight's
90%
Fifteen Fearless (TV)
88%
Dress Reputation
88%
Superman Speak Now (TV)
88%
Mirror ball Folklore
81%
Run Red (TV)
81%
Ivy Evermore
79%
Invisible Taylor Swift
67%
No matching quizzes found
Score Distribution
Percent of People with Each Score
Percentile by Number Answered
Your Score History
You have not taken this quiz